Nicaragua: implicaciones económicas de los sucesos de setiembre

Compilación general del monto de daños sufridos en seis ciudades de Nicaragua a raíz de los sucesos bélicos de setiembre de 1978, cuantificación de las pérdidas humanas y magnitud de los daños físicos, obtenida mediante una investigación de campo, recolección de información en instituciones privadas...

Ausführliche Beschreibung

Gespeichert in:
Bibliographische Detailangaben
Körperschaft: INCAE
Format: Unbekannt
Veröffentlicht: Managua: INCAE
Schlagworte:
Tags: Tag hinzufügen
Keine Tags, Fügen Sie den ersten Tag hinzu!

MARC

LEADER 00000 a2200000 04500
001 19924
003
008 991231s d
040
090 |a 081001  
110 |a INCAE  
245 |a Nicaragua: implicaciones económicas de los sucesos de setiembre  
260 |a Managua:   |b INCAE  
300 |a pag. irreg.  
520 |a Compilación general del monto de daños sufridos en seis ciudades de Nicaragua a raíz de los sucesos bélicos de setiembre de 1978, cuantificación de las pérdidas humanas y magnitud de los daños físicos, obtenida mediante una investigación de campo, recolección de información en instituciones privadas y de servicios público y encuesta al sector indutrial, agropecuario y comercial./ACM  
650 |a GUERRA  
650 |a DAÑOS  
650 |a ESTRUCTURA ECONOMICA  
650 |a PUB. INCAE  
999 |c 6162  |d 6162